Online
Catalog

El humo de mi pipa / (Record no. 1585)

MARC details
000 -CABECERA
campo de control de longitud fija 00944cam a2200229 a 4500
001 - NÚMERO DE CONTROL
campo de control 000001704
003 - IDENTIFICADOR DEL NÚMERO DE CONTROL
campo de control DO-SdBNP
005 - FECHA Y HORA DE LA ÚLTIMA TRANSACCIÓN
campo de control 20251030134649.0
008 - DATOS DE LONGITUD FIJA--INFORMACIÓN GENERAL
campo de control de longitud fija 831220s1956 ve a 000 0 spa d
040 ## - FUENTE DE LA CATALOGACIÓN
Centro catalogador/agencia de origen DO-SdBNP
Lengua de catalogación spa
Centro/agencia transcriptor BNPHU
082 #4 - NÚMERO DE LA CLASIFICACIÓN DECIMAL DEWEY
Número de clasificación V868.4
Número de documento/Ítem G463h
Número de edición 22
100 1# - ENTRADA PRINCIPAL--NOMBRE DE PERSONA
Nombre de persona Gil Fortoul, José,
Fechas asociadas al nombre 1861-1943.
9 (RLIN) 5548
245 13 - MENCIÓN DE TÍTULO
Título El humo de mi pipa /
Mención de responsabilidad, etc. José Gil Fortoul ; prólogo de J.S. Penzini Hernández.
260 ## - PUBLICACIÓN, DISTRIBUCIÓN, ETC.
Lugar de publicación, distribución, etc. Caracas, :
Nombre del editor, distribuidor, etc. Ministerio de Educación Direccion de Cultura y Bellas Artes,
-- Direccion de Cultura y Bellas Artes
-- Comisión Editora de las Obras Completas de José Gil Fortoul,
Fecha de publicación, distribución, etc. 1956.
300 ## - DESCRIPCIÓN FÍSICA
Extensión 571 p. :
Otras características físicas il. ;
Dimensiones 24 cm.
440 #0 - MENCIÓN DE SERIE/PUNTO DE ACCESO ADICIONAL--TÍTULO
Título Obras completas,
Designación de volumen o secuencia v. 5
9 (RLIN) 5549
505 0# - NOTA DE CONTENIDO CON FORMATO
Nota de contenido con formato El humo de mi pipa. Discursos y palabras. De hoy para manana.
650 #4 - PUNTO DE ACCESO ADICIONAL DE MATERIA--TÉRMINO DE MATERIA
Término de materia o nombre geográfico como elemento de entrada Literatura venezolana
9 (RLIN) 3816
651 #0 - PUNTO DE ACCESO ADICIONAL DE MATERIA--NOMBRE GEOGRÁFICO
Nombre geográfico Venezuela
Subdivisión general Política y gobierno
Subdivisión cronológica 1830
9 (RLIN) 26230
Fuente del encabezamiento o término LEMB
910 ## - DATOS DE OPCIÓN DEL USUARIO (OCLC)
Datos de opción del usuario Catalogación por copia / LC
942 ## - ELEMENTOS DE PUNTO DE ACCESO ADICIONAL (KOHA)
Fuente del sistema de clasificación o colocación Dewey Decimal Classification
Tipo de ítem Koha Libro
Holdings
Estado de retiro Estado de pérdida Restricciones de uso No para préstamo Código de colección Localización permanente Ubicación/localización actual Ubicación en estantería Fecha de adquisición Número de inventario Total de préstamos Signatura topográfica completa Código de barras Fecha visto por última vez Precio válido a partir de Tipo de ítem Koha
    Préstamo interno   Monografías: Libros y Folletos General General Depósito 22.09.2009 LF1   V868.4 G463h 1704-10 25.06.2020 25.06.2020 Préstamo interno

Powered by Koha